000 00841nam a2200253 4500
003 MX-MxINE
005 20260530115315.0
008 260430b1990 xxua|||| |||| 00| 0 eng d
020 _a9780823060481
020 _a0823060489
040 _aMX-MxINE
_bspa
_cMX-MxINE
_erda
041 _aeng
050 4 _aNK1160
_bS63 1990
245 _aThe Society Publication Designers 24th publication designers annual
264 _aGloucester, Massachusetts :
_bRockport :
_bRotoVision,
_c1990
300 _a248 páginas :
_bilustraciones a color, fotos
336 _2rdacontent
_atexto
337 _2rdamedia
_asin medio
338 _2rdacarrier
_avolumen
650 1 4 _aDiseño
_vPublicaciones periódicas
650 2 4 _aDiseño gráfico (Tipografía)
710 _aSociety of Publication Designers (Estados Unidos)
_933425
942 _2lcc
_n1
_cBK
999 _c13533
_d13533